|
|
|
|
| LEADER |
00922nam a2200229 u 4500 |
| 001 |
10117718 |
| 003 |
upatras |
| 005 |
20230912094152.0 |
| 008 |
150930s2006 gr gre |
| 020 |
|
|
|a 960435096x
|
| 040 |
|
|
|a GR-PaULI
|c GR-PaULI
|
| 041 |
0 |
|
|a gre
|
| 082 |
0 |
4 |
|a 889.334
|
| 100 |
1 |
|
|a Γαβαλά, Μαρία,
|d 1947-
|4 aut
|9 146405
|
| 245 |
1 |
0 |
|a Τα κορίτσια της πλατείας
|b μυθιστόρημα
|c Μαρία Γαβαλά
|
| 260 |
|
|
|a Αθήνα
|b Πόλις
|c 2006
|
| 300 |
|
|
|a 353 σ.
|c 21 εκ.
|
| 852 |
|
|
|a GR-PaULI
|b ΠΑΤΡΑ
|b ΒΚΠ
|b ΔΩΡ
|k ΑΣΧΕ
|h 889.334 ΓΑΒ
|m 126912
|p 025000245712
|t 1
|g ΒΑΛ
|
| 942 |
|
|
|2 ddc
|c BK15
|
| 952 |
|
|
|0 0
|1 0
|2 ddc
|4 0
|6 889_334000000000000_ΓΑΒ
|7 0
|8 FIC
|9 184554
|a LISP
|b LISP
|c DON
|d 2016-04-24
|e ΒΑΛ
|i 126912
|l 1
|o 889.334 ΓΑΒ
|p 025000245712
|r 2024-09-09 17:47:26
|s 2024-09-02
|t 1
|w 2016-04-24
|y BK15
|
| 998 |
|
|
|c ΣΑΤΛΑΝΗΣ
|d 2015-09
|
| 999 |
|
|
|c 113770
|d 113770
|